Sołectwa gminy Maszewo (lubuskie) - Statystyki

Ogólne statystyki
  • Ten quiz został rozwiązany 6 razy
  • Średni wynik to 14 z 16
Statystyki odpowiedzi
L. ludności (2022) Sołectwo % Poprawnych
89 Granice
100%
481 Maszewo
100%
301 Połęcko
100%
69 Rzeczyca
100%
202 Trzebiechów
100%
114 Bytomiec
83%
50 Chlebów
83%
183 Gęstowice
83%
214 Lubogoszcz
83%
129 Miłów
83%
171 Radomicko
83%
482 Rybaki
83%
87 Skarbona
83%
125 Korczyców
67%
277 Skórzyn
67%
19 Siedlisko
50%
Nie znaleziono quizów pasujących do podanych kryteriów
Rozkład punktacji
Procent ludzi z każdym wynikiem
Percentyl według liczby udzielonych odpowiedzi
Twoja historia wyników
Nie rozwiązałeś tego quizu